000
00226nam a22000857a 4500
008
161121b xxu||||| |||| 00| 0 eng d
100
_9
1299
_a
CBSE
245
_a
Revised School Health Manuel-(VI-VIII)
260
_a
New Delhi
_b
CBSE
_c
2010
999
_c
4005
_d
4005